Las reglas de origen del comercio internacional / (Registro nro. 30009)

Detalles MARC
000 -LEADER
fixed length control field 01740nam a2200241Ia 4500
003 - CONTROL NUMBER IDENTIFIER
control field CO-CtgCURN
005 - DATE AND TIME OF LATEST TRANSACTION
control field 20250411145752.0
008 - FIXED-LENGTH DATA ELEMENTS--GENERAL INFORMATION
fixed length control field 190724s9999 xx 000 0 und d
020 ## - INTERNATIONAL STANDARD BOOK NUMBER
International Standard Book Number 9789586539708
040 ## - CATALOGING SOURCE
Original cataloging agency CO-CtgCURN
Language of cataloging spa
Transcribing agency coctgcurn
082 ## - DEWEY DECIMAL CLASSIFICATION NUMBER
Classification number 382.3
Item number G993r
100 ## - MAIN ENTRY--PERSONAL NAME
Personal name Guzmán Manrique, Gustavo
9 (RLIN) 6958
Relator term autor
245 #0 - TITLE STATEMENT
Title Las reglas de origen del comercio internacional /
Statement of responsibility, etc. Gustavo Guzmán Manrique
260 ## - PUBLICATION, DISTRIBUTION, ETC.
Place of publication, distribution, etc. Bogotá, Colombia :
Name of publisher, distributor, etc. Legis,
Date of publication, distribution, etc. 2012
300 ## - PHYSICAL DESCRIPTION
Extent 259 páginas ;
Dimensions 23 centímetros.
505 ## - FORMATTED CONTENTS NOTE
Formatted contents note Cap.1. Una aproximación conceptual -- Cap.2. Criterios para la calificación de origen -- Cap.3. El principio de acumulación -- Cap.4. Origen sectorial -- Cap.5. Traductor del lenguaje de nueva generación -- Cap.6. Certificación, control y verificación de origen -- Cap.7. Casos para el análisis.
520 ## - SUMMARY, ETC.
Summary, etc. Las reglas de origen constituyen una de las disciplinas asociadas al comercio internacional contemporáneo. Calificar origen es la condición necesaria para el acceso preferencial de bienes a los mercados y su exigencia se viene extendiendo progresivamente a todo el comercio. Las cláusulas de origen que se pactan en los acuerdos comerciales, cobran creciente importancia a la luz de los desarrollos de nuevos materiales y de la evolución de los procesos de fabricación. También tienen vínculos con prácticas modernas de producción, así como con el suministro de materiales y la provisión de servicios desde cualquier lugar del mundo.
521 ## - TARGET AUDIENCE NOTE
Target audience note AREA SOCIOHUMANISTICA
590 ## - LOCAL NOTE (RLIN)
Local note Programa de Derecho_18
650 ## - SUBJECT ADDED ENTRY--TOPICAL TERM
Topical term or geographic name entry element Certificados de Origen
9 (RLIN) 6959
942 ## - ADDED ENTRY ELEMENTS (KOHA)
Koha item type Libros
Classification part 382.3
Item part G993r
Source of classification or shelving scheme Dewey Decimal Classification
Suppress in OPAC No
Existencias
Withdrawn status Lost status Damaged status Not for loan Collection Home library Current library Shelving location Date acquired Inventory number Total checkouts Full call number Barcode Date last seen Copy number Price effective from Koha item type
          Miguel Henríquez Castañeda Barranquilla Miguel Henríquez Castañeda Barranquilla General 05/23/2018 03621   382.3 G993r 03621 07/25/2019 ej.1 07/25/2019 Libros